Türkiye Cumhuriyeti'nde (1961-1980) güç odaklarının mücadelesi / (Record no. 14985)
[ view plain ]
| 000 -BAŞLIK | |
|---|---|
| Sabit Uzunlukta Kontrol Alanı | 00717nam a22002177a 4500 |
| 999 ## - SİSTEM KONTROL NUMARALARI (KOHA) | |
| Koha Biblionumber | 14985 |
| Koha Biblioitemnumber | 14985 |
| 003 - KONTROL NUMARASI IDENTIFIER | |
| Denetim Alanı | MIRAKIL |
| 005 - SON İŞLEM TARİHİ VE ZAMANI | |
| Denetim Alanı | 20220907140158.0 |
| 008 - SABİT-BOY VERİ ELEMANLARI - GENEL BİLGİLER | |
| Sabit Uzunlukta Kontrol Alanı | 220907b tu ||||| |||| 00| 0 tur d |
| 020 ## - ULUSLARARASI STANDART KİTAP NUMARASI | |
| Uluslararası Standart Kitap Numarası | 9786052987483 |
| 040 ## - KATALOGLAMA KAYNAK | |
| Orijinal Kataloglama Ajansı | TR-AnCHP |
| Metne Dönüştürmek Ajansı | TR-AnCHP |
| 041 ## - DİL KODU | |
| Metin / Ses Parça Veya Ayrı Başlığın Dil Kodu | Tur |
| 082 ## - DEWEY ONLU SINIFLANDIRMA NUMARASI | |
| Sınıflandırma Numarası | 320.9561 |
| Ürün Numarası | B27t 2021 |
| 100 1# - ANA GİRİŞ - KİŞİSEL İSİM | |
| Kişisel Ad | Başbuğ, İlker |
| 245 10 - BAŞLIK TABLOSU | |
| Başlık | Türkiye Cumhuriyeti'nde (1961-1980) güç odaklarının mücadelesi / |
| Sorumluluk Tablosu, Vb | İlker Başbuğ. |
| 260 ## - YAYIN, DAĞITIM, VB | |
| Yayın, Dağıtım, Vb Yeri | İstanbul : |
| Yayıncı, Dağıtıcı, Vs Adı | Kırmızı Kedi Yayınevi, |
| Yayın, Dağıtım, Vb Tarihi | 2021. |
| 300 ## - FİZİKSEL TANIM | |
| Kapsam | 475 s. ; |
| Boyutlar | 24 sm. |
| 490 0# - SERİSİ TABLOSU | |
| Seri Beyanı | Kırmızı Kedi Yayınevi ; |
| -- | İnceleme ; |
| Hacim / Ardışık Tanımı | 1345 |
| -- | 118. |
| 504 ## - KAYNAKÇA VB NOT | |
| Kaynakça Vb Notu | Kaynakça ve dizin vardır. |
| 650 #0 - KONU KATMA GİRİŞ - TOPİKAL DÖNEM | |
| 9 (RLIN) | 9 |
| Topikal Süreli Veya Coğrafi Ad Giriş Elemanı | Siyaset ve yönetim |
| Genel Alt Bölümü | Türkiye |
| Kronolojik Alt Bölümü | 1961-1980 |
| 942 ## - EKLENDİ GİRİŞ ELEMANLARI (KOHA) | |
| Sınıflandırma Veya Raf Düzeni Kaynak | Dewey Decimal Classification |
| Koha Öğesi Türü | Books |
| Kalıcı Konum | Mevcut Konum | Edinme Tarihi | Toplam Check-Out'Lar | Tam Çağrı Numarası | Barkod | Tarih Son Görülme | İtibaren Geçerli Fiyatlar | Koha Öğesi Türü |
|---|---|---|---|---|---|---|---|---|
| CHP Kütüphanesi | CHP Kütüphanesi | 09/07/2022 | 320.9561 B27t 2021 | 020520 | 09/07/2022 | 09/07/2022 | Books |
